Statystyki dla Piwo

Kliknij tutaj aby rozwiązać quiz!

Ogólne statystyki

  • Ten quiz został rozwiązany 4 231 razy
  • Średni wynik to 12 z 32

Statystyki odpowiedzi

Pierwsza literaNazwa% Poprawnych
ŻŻubr
82%
TTyskie
81%
ŻŻywiec
76%
WWarka
74%
LLech
70%
ŁŁomża
70%
HHarnaś
67%
PPerła
62%
HHeineken
60%
TTatra
60%
SSomersby
53%
DDesperados
51%
CCarlsberg
50%
OOkocim
48%
KKasztelan
40%
DDębowe Mocne
33%
CCorona
28%
KKozel
28%
KKsiążęce
26%
KKarmi
25%
LLeżajsk
18%
RRedd's
18%
WWojak
18%
PPilsner
16%
CCaptain Jack
13%
PPiast
9%
GGuinness
8%
FFortuna
7%
DDziki sad
4%
GGingers
2%
KKoźlak
2%
ZZlaty bazant
2%

Rozkład punktacji

Percentyl według liczby udzielonych odpowiedzi

Procent ludzi z każdym wynikiem

Twoja historia wyników

Nie rozwiązałeś tego quizu